| 000 | 00755nam a22002297a 4500 | ||
|---|---|---|---|
| 999 |
_c7328 _d7328 |
||
| 003 | AR-CdUCM | ||
| 008 | 190320b ||||| |||| 00| 0 spa d | ||
| 040 |
_aMUNICIPALIDAD PROVINCIAL DEL CUSCO _cBIBLIOTECA MUNICIPAL DEL CUSCO |
||
| 082 |
_a335.4 / _bS78 |
||
| 100 |
_aStalin, Jose _920653 |
||
| 245 | _aLos fundamentos del Leninismo / | ||
| 260 |
_aMexico : _bGrijalbo, _c1970. |
||
| 300 |
_a159 páginas ; _c18 cm. |
||
| 440 |
_aColección 70 _n82 _920654 |
||
| 505 | _aLas raíces históricas del leninismo -- El método -- La teoría -- La dictadura del proletariado... | ||
| 650 |
_aProletariado. _94333 |
||
| 650 |
_aLeninismo. _9845 |
||
| 650 |
_aComunismo. _9495 |
||
| 650 |
_aProblema campesino. _920655 |
||
| 942 |
_2ddc _cLIBROS |
||
| 945 | _awfj | ||